Evolution of tree cropping systems in southern Thailand (Record no. 59065)

MARC details
000 -LEADER
fixed length control field 00437nam a2200169Ia 4500
100 ## - MAIN ENTRY--AUTHOR NAME
Personal name Amsallem I
245 #0 - TITLE STATEMENT
Title Evolution of tree cropping systems in southern Thailand
260 ## - PUBLICATION, DISTRIBUTION, ETC. (IMPRINT)
Name of publisher ESAT, Montepellier, France
Year of publication 1992
300 ## - PHYSICAL DESCRIPTION
Number of Pages 95p
500 ## - GENERAL NOTE
General note Source Year: 1993
650 ## - SUBJECT ADDED ENTRY--TOPICAL TERM
Topical Term Agroforestry
650 ## - SUBJECT ADDED ENTRY--TOPICAL TERM
Topical Term Cropping system
650 ## - SUBJECT ADDED ENTRY--TOPICAL TERM
Topical Term Fruit tree
856 ## - ELECTRONIC LOCATION AND ACCESS
Uniform Resource Identifier ATA
942 ## - ADDED ENTRY ELEMENTS (KOHA)
Koha item type Journals
Holdings
Withdrawn status Lost status Damaged status Not for loan Home library Current library Shelving location Date acquired Koha item type
      Journals RRII Library RRII Library Rubber general 17/12/2021 Journals